[Event "Wloclawek CC Classic 18th"]
[Site "Wloclawek"]
[Date "2017.??.??"]
[Round "7"]
[White "Blajet, Radoslaw"]
[Black "Zajac, Robert"]
[Result "1-0"]
[WhiteElo "1776"]
[BlackElo "1206"]
[PlyCount "104"]
[EventDate "2017.04.??"]
[EventType "swiss"]
[EventRounds "7"]
[EventCountry "POL"]
[SourceTitle "EXT 2021"]
[Source "ChessBase"]
[SourceDate "2020.10.23"]
[SourceVersion "1"]
[SourceVersionDate "2020.10.23"]
[SourceQuality "1"]

1. e4 d6 2. d4 Nf6 3. Nc3 e5 4. Bg5 Be7 5. Be2 exd4 6. Qxd4 Nc6 7. Qd2 h6 8. Bf4 Bd7 9. h3 a6 10. Nf3 Na7 11. Nd4 b5 12. Bf3 Rb8 13. 0-0 c5 14. Nf5 Bxf5 15. exf5 0-0 16. Rad1 Nc8 17. Rfe1 Rb6 18. g4 Nd7 19. Nd5 Bg5 20. Nxb6 Bxf4 21. Qxf4 Ndxb6 22. f6 Qxf6 23. Qxf6 gxf6 24. Bb7 Nc4 25. Bxa6 Ne5 26. Kg2 b4 27. f4 Ng6 28. Kg3 Kh7 29. Bxc8 Rxc8 30. Rxd6 Kg7 31. h4 Rc7 32. h5 Ne7 33. c3 bxc3 34. bxc3 f5 35. g5 hxg5 36. fxg5 Ra7 37. a4 f4+ 38. Kg4 Ng8 39. Rd8 Ne7 40. a5 Nc6 41. Rc8 Nxa5 42. Ree8 f5+ 43. Kxf4 Nc4 44. h6+ Kg6 45. Rg8+ Kh7 46. Rg7+ Rxg7 47. hxg7 Kxg7 48. Rxc5 Nd6 49. Rxf5 Nc4 50. Rc5 Nd6 51. c4 Kf8 52. Rc6 Nf7 1-0

[Event "POL-chT3 Kujawsko Pomorskie 1617"]
[Site "Poland"]
[Date "2017.??.??"]
[Round "5.24"]
[White "Zajac, Robert"]
[Black "Malinowski, Tomasz"]
[Result "0-1"]
[WhiteElo "1859"]
[BlackElo "1939"]
[PlyCount "84"]
[EventDate "2016.11.06"]
[EventType "team-tourn"]
[EventRounds "9"]
[EventCountry "POL"]
[SourceTitle "EXT 2018"]
[Source "ChessBase"]
[SourceDate "2017.10.13"]
[SourceVersion "1"]
[SourceVersionDate "2017.10.13"]
[SourceQuality "1"]

1. d4 Nf6 2. Bf4 d6 3. c4 g6 4. Nf3 Bg7 5. Nc3 0-0 6. g3 Re8 7. e4 c6 8. Rb1 Nh5 9. Bg5 Qc7 10. Qd2 Bh8 11. Bg2 Nd7 12. 0-0 Nf8 13. Ne2 Nf6 14. Qd3 Bd7 15. Bd2 Rad8 16. Rfe1 a6 17. Nf4 e5 18. Ne2 Ne6 19. d5 Nc5 20. Qa3 Ncxe4 21. Be3 cxd5 22. cxd5 Nxd5 23. Bh6 Bc6 24. Qb3 Ndf6 25. Be3 Nd5 26. Bh6 Bg7 27. Bc1 Qb6 28. Qc4 Qxf2+ 29. Kh1 Ne3 30. Bxe3 Qxe3 31. h3 Nf2+ 32. Kh2 Bxf3 33. Ng1 Qd3 34. Qxd3 Nxd3 35. Bxf3 Nxe1 36. Rxe1 d5 37. b3 e4 38. Bg2 f5 39. Rc1 Rc8 40. Rxc8 Rxc8 41. Ne2 d4 42. Kg1 d3 0-1